00436pab a2200145 454500008004000000100002000040245007100060260000900131300001300140362001000153650003700163650003700200650001900237773003400256180718b2014 xxu||||| |||| 00| 0 eng d aBanerjee, Paula aNew conundrums for women in north-east India: Nagaland and Tripura c2014 ap.57-65. a1 Nov aWomens studies - India - Tripura aWomens studies- India - Nagaland aWomens studies aEconomic and Political Weekly